MESTSKÁ KNIŽNICA GIRALTOVCE  - online katalóg 

Prometeus čiže život Balzacov (Record no. 12283)

000 -NÁVESTIE
fixed length control field 00584nam a2200205 a 4500
008 - ÚDAJE S PEVNOU DĹŽKOU – VŠEOBECNÉ INFORMÁCIE
fixed length control field 960126s1970||||[C 0 slo c
040 ## - ZDROJ KATALOGIZÁCIE
Pôvodná katalogizujúca agentúra SNK
Jazyk katalogizácie slo
Prepisujúca agentúra SNK
Konvencie popisu AACR2
041 1# - KÓD JAZYKA
Kód jazyka textu/zvukovej stopy alebo samostatných nápisov slo
044 ## - KÓD KRAJINY VYDAVATEĽA/PRODUCENTA
Kód krajiny MARC xo
Kód krajiny ISO SK
020 ## - MEDZINÁRODNÉ ŠTANDARDNÉ ČÍSLO KNIHY (ISBN)
Údaje o dostupnosti 30
100 1# - OSOBNÉ MENÁ – VŠEOBECNÉ INFORMÁCIE
Osobné meno Maurois, André
Kód roly aut
245 10 - NÁZOV
Názov Prometeus čiže život Balzacov
Údaj o zodpovednosti atď. André Maurois ; Prel. Anton Vantuch
250 ## - ÚDAJ O PORADÍ VYDANIA
Údaj o poradí vydania 1. vyd.
260 ## - VYDAVATEĽSKÉ ÚDAJE, DISTRIBÚCIA ATĎ.
Miesto publikovania, distribúcie atď. Bratislava
Názov vydavateľa, distibútora atď. Smena
Dátum publikovania, distribúcie atď. 1970
Miesto výroby Nitra
Výrobca Nitrianske tlač.
300 ## - FYZICKÝ POPIS
Rozsah 491, [5] s.
Rozmery
490 0# - EDÍCIA
Edícia Životopisy
700 1# - PRIDANÝ VSTUP – OSOBNÉ MENO
Osobné meno Vantuch, Anton
Kód roly trl
765 0# - VÄZBA NA PÔVODNÝ JAZYK
Názov Prométhée ou la vie de Balzac
958 ## - Formálny deskriptor
Formálny deskriptor A
Holdings
Stav stiahnutia (Blokovanie) (Withrawn status) Stav straty Stav poškodenia (Damaged status) Nie pre výpožičky (Not for loan) Spôsob nadobudnutia (Collection code) Trvalé umiestnenie Aktuálne umiestnenie Dátum nadobudnutia Náklady, bežná kúpna cena Inventárne číslo (prírastkové číslo) Full call number Dátum posledného výskytu Cena s účinnosťou od Typ jednotky Koha
        Kúpa Mestská knižnica Giraltovce Mestská knižnica Giraltovce 2019-11-29 30.00 11577 B 5703 2019-11-29 2019-11-29 Krásna literatúra pre dospelých

Powered by Koha